Schauspieler, die mit Wes Craven zusammengearbeitet haben - Statistiken

Allgemein
  • Dieses Quiz wurde 6 mal gespielt
  • Das Durchschnittsergebnis liegt bei 11 aus 49
Antwortstatistiken
Film Schauspieler/in % Korrekt
Nightmare – Mörderische Träume Johnny Depp
80%
Scream – Schrei!, Scream 2, Scream 3, Scream 4 Courtenay Cox
60%
Nightmare – Mörderische Träume, Freddy’s New Nightmare Heather Langenkamp
60%
Scream – Schrei!, Scream 2, Scream 3 Liev Schreiber
60%
Scream – Schrei!, Scream 2, Scream 3, Scream 4 Neve Campbell
60%
Nightmare – Mörderische Träume, Freddy’s New Nightmare Robert Englund
60%
Scream – Schrei! Skeet Ulrich
60%
Red Eye Brian Cox
40%
Das letzte Haus links, Das Ding aus dem Sumpf David Hess
40%
Scream – Schrei! Drew Barrymore
40%
Nightmare – Mörderische Träume, Freddy’s New Nightmare John Saxon
40%
Scream 4 Alison Brie
20%
Vampire in Brooklyn, Music of the Heart Angela Bassett
20%
Nightmare – Mörderische Träume, Der tödliche Freund Charles Fleischer
20%
Red Eye Cillian Murphy
20%
Vampire in Brooklyn Eddie Murphy
20%
Scream 3 Emily Mortimer
20%
Music of the Heart Gloria Estefan
20%
Scream 2 Jada Pinkett Smith
20%
Scream 3 Kevin Smith
20%
Scream 4 Kristen Bell
20%
Scream 3 Lance Henriksen
20%
Nightmare – Mörderische Träume, Freddy’s New Nightmare Lin Shaye
20%
Scream 4 Lucy Hale
20%
Music of the Heart Meryl Streep
20%
Hügel der blutigen Augen, Dem Tode geweiht, Im Todestal der Wölfe Michael Berryman
20%
Freddy’s New Nightmare Miko Hughes
20%
Shocker Mitch Pileggi
20%
Scream 3 Patrick Dempsey
20%
Scream 3 Patrick Warburton
20%
Shocker Peter Berg
20%
Hügel der blutigen Augen, Im Todestal der Wölfe Robert Houston
20%
Dem Tode geweiht Sharon Stone
20%
Shocker Ted Raimi
20%
Haus der Vergessenen Ving Rhames
20%
Das Ding aus dem Sumpf Adrienne Barbeau
0%
Die Schlange im Regenbogen Bill Pullman
0%
Scream 3 Carrie Fisher
0%
Verflucht Christina Ricci
0%
Hügel der blutigen Augen Dee Wallace
0%
Das Ding aus dem Sumpf Dick Durock
0%
Dem Tode geweiht Ernest Borgnine
0%
Scream 2, Scream 4 Heather Graham
0%
Das Ding aus dem Sumpf Louis Jourdan
0%
Das letzte Haus links Martin Kove
0%
Die Schlange im Regenbogen Michael Gough
0%
Red Eye Rachel McAdams
0%
Das letzte Haus links Sandra Peabody
0%
Scream 2 Sarah Michelle Gellar
0%
Keine übereinstimmenden Quizze gefunden
Verteilung der Resultate
Anzahl Personen mit jedem Resultat
Perzentil nach korrekt beantworteten Fragen
Ihre Resultats-Entwicklung
Sie haben dieses Quiz noch nicht gespielt